000 00443nam a22001457a 4500
008 230605b xxu||||| |||| 00| 0 eng d
041 _hde
082 _a327
_bINT
110 _d2010
245 _aInternationale Politik und Gesellschaft
_bInternational Politics and Society
_cInternationale Politik und Gesellschaft
260 _aGermany
_bVerlag J.H.W. Dietz Nachfolger GmbH
_c2010
300 _a186 p
440 _x09452419
_v3
942 _2ddc
_cBK
999 _c278
_d278